2024 Minnesota Twins team Leaders - Statistics

General Stats
  • This quiz has been taken 15 times
  • The average score is 28 of 34
Answer Stats
Stat Player % Correct
Earned Run Average (3.98) Bailey Ober
100%
Complete Games (1) Bailey Ober
100%
Home Runs Allowed (27) Bailey Ober
100%
Walks plus Hits per Innings Pitched (1.00) Bailey Ober
100%
Average Againts (.208) Bailey Ober
100%
Games Pitched (72) Griffin Jax
83%
Saves (23) Jhoan Duran
83%
Save Opportunities (25) Jhoan Duran
83%
Pitching Wins (15) Pablo López
83%
Pitching Losses (10) Pablo López
83%
Games Started (32) Pablo López
83%
Innings Pitched (185.1) Pablo López
83%
Hits Allowed (180) Pablo López
83%
Runs Allowed (90) Pablo López
83%
Earned Runs Allowed (84) Pablo López
83%
Hit Batters (8) Pablo López
83%
Strikeouts (198) Pablo López
83%
Games Played (158) Willi Castro
83%
At-Bats (558) Willi Castro
83%
Runs (89) Willi Castro
83%
Hits (138) Willi Castro
83%
Doubles (31) Willi Castro
83%
Triples (5) Willi Castro
83%
Batting Strikeouts (150) Willi Castro
83%
Stolen Bases (14) Willi Castro
83%
Caught Stealing (9) Willi Castro
83%
Batting Average (.247) Willi Castro
83%
On-Base Percentage (.331) Willi Castro
83%
Home Runs (23) Carlos Santana
67%
Runs Batted In (71) Carlos Santana
67%
Walks (65) Carlos Santana
67%
Slugging Percentage (.420) Carlos Santana
67%
On-Base plus Slugging Percentage (.748) Carlos Santana
67%
Walks (48) Simeon Woods-Richardson
67%
No matching quizzes found
Score Distribution
Percent of People with Each Score
Percentile by Number Answered
Your Score History
You have not taken this quiz